00733pam a2200229 a 4500001000800000005001700008008004100025010001700066020003200083040001800115041000800133080001200141082001600153100000700169101000800176245006100184504006600245906004500311942001200356999001700368952011800385103916420180814071216.0891229s1990 nyua b 001 0 eng  a 89078535  a0195063449 (acidfree paper) aDLCcDLCdDLC aeng a616.89000a616.8902201 a48 aPSI10aMMPI-2 in psychological treatment /cJames Neal Butcher. aIncludes bibliographical references (p. 173-180) and indexes. a7bcbccorignewd1eopcnf19gy-gencatlg 2ddccBK c47131d47131 00102ddc40708PËKGa002b002cPËKGd2018-08-14l0o616.890 BUTp002-3011798r2018-08-14w2018-08-14yBK